| 000 | 00687nam a2200217 4500 | ||
|---|---|---|---|
| 003 | OSt | ||
| 005 | 20240723060229.0 | ||
| 006 | a | ||
| 008 | 240723b |||||||| |||| 00| 0 eng d | ||
| 020 | _a9789810697013 | ||
| 040 |
_aDWCL-Main lib. _cOC |
||
| 082 |
_2Twelfth edition _aCirc. 658.4012 D251s 2009 |
||
| 100 | _aDavid, Fred R. | ||
| 245 | _aStrategic management: concepts and cases / | ||
| 250 | _aTwelfth edition | ||
| 260 |
_aSingapore: _bPearson Education South Asia Pte Lts., _cc2009 |
||
| 300 |
_b326 p. : ill. ; _c26 cm. |
||
| 504 | _aIncludes bibliographical references & index. | ||
| 650 | _a1. Strategic planning. | ||
| 942 |
_2ddc _n0 _cBK-CIRC _eTwelfth edition _kCirc. |
||
| 999 |
_c2601 _d2601 |
||